000 00756nam a2200241Ia 4500
003 OSt
005 20220923224039.0
006 a|||||r|||| 00| 0
007 ta
008 220922b |||||||| |||| 00| 0 pan d
024 _a224,449
037 _cTextual
040 _aARTS
_cARTS
_bpan
041 _2pan
_apan
082 _aO153,3N291x, M1;N7
100 _aਕੰਵਲ, ਜਸਵੰਤ ਸਿੰਘ
_9156315
245 0 _aਜੁਹੂ ਦੀ ਰੋਟੀ
260 _aਦਿੱਲੀ
_b ਆਰਸੀ ਪਬਲੀFਰਗ਼
_c1997
300 _a173ਪੰ
_ccm.
650 _aਪੰਜਾਬੀ ਸਾਹਿਤ
942 _hO153,3N291x, M1;N7
_cTEXL
_2CC
999 _c368855
_d368855